Statistics for Will Smith Movies: Multiple Choice

Click here to take the quiz!

General Stats

  • This quiz has been taken 784 times
  • The average score is 13 of 15

Answer Stats

QuestionAnswer% Correct
Which one?Men in Black
98%
Which one?Independence Day
94%
Which one?Bad Boys
92%
Which one?Hitch
92%
Which one?I Am Legend
92%
Which one?I, Robot
91%
Which one?The Pursuit of Happyness
91%
Which one?Hancock
86%
Which one?Suicide Squad
84%
Which one?Enemy of the State
82%
Which one?Seven Pounds
82%
Which one?Wild Wild West
82%
Which one?Ali
80%
Which one?After Earth
78%
Which one?Focus
51%

Score Distribution

Percentile by Number Answered

Percent of People with Each Score

Your Score History

You have not taken this quiz